00347nam a2200109Ia 450000500170000000800410001710000230005824501080008126000130018930000110020265000240021320260326235504.0260326s9999||||xx |||||||||||||| ||und|| aPhillips, Peter L. 0aCreating the perfect Design brief :b how to manage Design for strategic advantage /cPeter L. Phillips bAllworth a191 p. aDISEÑO INDUSTRIAL